000 00769nam a22002537a 4500
001 BR9301175
003 BR-BrBNA
005 20230928093844.0
007 ta
008 230509b bl.||||| |||| 00| 0 por d
040 _aBR-BrBNA
_bpor
_cBiblioteca Nacional de Agricultura
041 _a(Por)
072 _aE14
090 _ E14 BR9301175
100 1 _aViana, C. da R.
245 1 _aEstrategia do desenvolvimento brasileiro. Uma politica nacionalista para vencer a atual crise economica
260 3 _aRio de Janeiro, RJ (Brasil):
_bCivilizacao Brasileira,
_c1967.
300 _a158 p.
650 _aPolitica de Desenvolvimento
650 _aPolitica Economica
650 _aDesenvolvimento Economico
909 _a202309
_bLucia
_c55
_dLucia Elande
942 _cBK
999 _c47524
_d47524